000 01668nam a2200349 c 4500
003 BLK
005 20180420213758.0
008 180412b bul|||||r ||||||| ||bul||
010 _aKNG00005259000
020 _a954-8150-15-8
_bиздат.: Сиби - (грешен)
040 _aBLK
041 _aBUL
_cBUL
080 _aАдминистративно право - Обща част, субекти и обекти, юридически действия, административни актове, особена част, отделни видове управления, право на организации и др.
_b342.9
_x(497.2)(075.8)
_z342.9(497.2)(075.8)
100 1 _aДимитров, Добри Кръстев
_eпърви автор
_9248279
139 _aДимитров, Добри Кръстев
_bД 58
245 1 0 _aАдминистративен процес
_bОбща част ; Спец. част : Учебник за студенти-юристи
_cДобри Кръстев Димитров.
250 _a2. изд.
257 _aBGR
260 София
_bСиби
_c1994
300 _a192 с.
_c20 см
380 _a3
500 _a1. изд. 1993. - Библиогр. 185-191.
650 4 _aАдминистративен процес - България - учебници за ВУЗ
_9248280
651 4 _aБългария
_9241624
653 _aадминистративен процес
653 _aучебници за ВУЗ
852 _aЦб 179636
856 4 _qpdf
_u
856 4 _qpdf
_u
942 _cKNG
_n0
944 _aCR
_c15.01.2003
_lф /
_kКети_Илиева
944 _aED
_c05.10.2016
_lф /
_kЛюдмила_Стоянова
999 _c4128
_d4128